000 00995nam a2200313 i 4500
001 81968
003 ES-MaACL
005 20250806033127.0
007 t|
008 041117s2003 sp ||||1| spa d
020 _a84-339-6200-0
080 _a17.035.1
080 _a17"19"
080 _a174:658
080 _a316.776.3
100 1 _aLipovetsky, Gilles.
_972497
245 1 0 _aMetamorfosis de la cultura liberal
_b: ética, medios de comunicación, empresa /
_cGilles Lipovetsky ; traducción de Rosa Alapont.
260 _aBarcelona :
_bAnagrama,
_c[2003]
300 _a128 p. ;
_c22 cm.
490 1 _aArgumentos ;
_v307
650 1 4 _aIndividualismo.
_913708
650 1 4 _aEtica-
_yS.XX.
_912583
650 7 _aÉtica empresarial
_2embne
_912586
650 1 4 _aMedios de comunicación social-
_xAspectos sociales.
_914968
700 1 _aAlapont, Rosa
_919120
830 0 _aArgumentos ;
_v307
_9178418
852 _aES-MaACL
_jL-28476
_bR.134307
999 _c81968
_d81968